Als Autor auf der Stör /

Bibliographic Details
Main Author: Burger, Hermann
Format: Book
Language:German
Published: Frankfurt am Main : S. Fischer, 1987.
Edition:Originalausg.
Series:Collection S. Fischer ; Bd. 53

MARC

Tag First Indicator Second Indicator Subfields
LEADER 00000cam a2200000 a 4500
001 in00000031190
005 20151007060326.0
008 880201s1987 gw b 00011 ger
010 |a  87182263  
020 |a 3596223539 :  |c DM19.80 
035 |a (OCoLC)17387600 
035 |9 AAC0579AM 
040 |a DLC  |c DLC  |d TXA  |d UtOrBLW 
049 |a TXAM  |c [A11683436] 
050 0 0 |a PT2662.U67  |b A78 1987 
082 0 |a 833/.914  |2 19 
100 1 |a Burger, Hermann. 
245 1 0 |a Als Autor auf der Stör /  |c Hermann Burger. 
250 |a Originalausg. 
264 1 |a Frankfurt am Main :  |b S. Fischer,  |c 1987. 
300 |a 276 pages ;  |c 19 cm. 
336 |a text  |b txt  |2 rdacontent 
337 |a unmediated  |b n  |2 rdamedia 
338 |a volume  |b nc  |2 rdacarrier 
490 0 |a Collection S. Fischer ;  |v Bd. 53 
504 |a Bibliography: page [278]. 
999 |a MARS 
999 f f |s 7ec5f37d-f47d-312b-9809-b7347c4bff77  |i 9704d8e8-c7b7-31cf-ade8-dca652252862  |t 0 
952 f f |p ric  |a Texas A&M University  |b Rellis Campus  |c Joint Library Facility  |d Remote Storage  |t 0  |e PT2662.U67 A78 1987  |h Library of Congress classification  |i unmediated -- volume  |m A14811683436 
998 f f |a PT2662.U67 A78 1987  |t 0  |l Remote Storage